| 000 | 01779nam a2200241 a 4500 | ||
|---|---|---|---|
| 008 | 190516s1965 ||||||||||||||||| || u | ||
| 020 | _a9780141396033 | ||
| 050 | _aPS 3537.T3234 O2 Ste | ||
| 100 | _aSteinbeck, John | ||
| 245 | 1 | 0 |
_aOf mice and men _c By John Steinbeck |
| 260 |
_aNew York _bPenguin Books _c1965 |
||
| 300 | _a121 pages | ||
| 350 | _a7.37 | ||
| 650 | _aENGLISH LANGUAGE | ||
| 995 |
_FCBU-MAIN LIBRARY (Kitwe) _I7.37 _M3 _UAVAILABLE _WMay 24, 2019 _ZFiction Collection |
||
| 995 |
_FCBU-MAIN LIBRARY (Kitwe) _I7.37 _M4 _UOUT _WMay 24, 2019 _ZFiction Collection |
||
| 995 |
_FCBU-SCHOOL OF MEDICINE LIBRARY (Ndola) _I7.37 _M11 _UAVAILABLE _WJun 24, 2019 _ZMedical Library Open Access Collection |
||
| 995 |
_FCBU-MAIN LIBRARY (Kitwe) _I7.37 _M1 _UAVAILABLE _WMay 24, 2019 _ZFiction Collection |
||
| 995 |
_FCBU-SCHOOL OF MEDICINE LIBRARY (Ndola) _I7.37 _M10 _UAVAILABLE _WJun 24, 2019 _ZMedical Library Open Access Collection |
||
| 995 |
_FCBU-SCHOOL OF MEDICINE LIBRARY (Ndola) _I7.37 _M9 _UAVAILABLE _WJun 24, 2019 _ZMedical Library Open Access Collection |
||
| 995 |
_FCBU-SCHOOL OF MEDICINE LIBRARY (Ndola) _I7.37 _M12 _UAVAILABLE _WJun 24, 2019 _ZMedical Library Open Access Collection |
||
| 995 |
_FCBU-MAIN LIBRARY (Kitwe) _I7.37 _M2 _UAVAILABLE _WMay 24, 2019 _ZFiction Collection |
||
| 999 |
_c81545 _d81545 |
||